01764cam a2200337 a 45000010009000000050017000090080041000260100017000670200043000840200040001270200038001670200035002050400018002400420008002580500022002660820014002881000021003022450051003232600034003743000025004084900029004335040051004625050599005136500037011126500046011496500047011959060045012429420012012879990017012999520110013161693287420170105102844.0110824s2012 nyu b 001 0 eng  a 2011035217 a9781441104625 (hardcover : alk. paper) a1441104623 (hardcover : alk. paper) a9781441180070 (pbk. : alk. paper) a1441180079 (pbk. : alk. paper) aDLCcDLCdDLC apcc00aJZ1405b.B48 201200a327.22231 aBerridge, Geoff.10aEmbassies in armed conflict /cG. R. Berridge. aNew York :bContinuum,c2012. axi, 207 p. ;c23 cm.0 aKey studies in diplomacy aIncludes bibliographical references and index.0 aIntroduction -- The military component: defence section; military advisers; intelligence officers -- Embassies in enemy states: initial siege; prompt and dignified departures; internment pending exchange; preserving diplomatic relations -- Neutral embassies to belligerents: helping expatriates; reporting the war; commercial work; protecting foreign interests -- Belligerent embassies to neutrals: propaganda; espionage and special operations; evaders and escapers; placating the host; handling peace feelers -- Embassies to frontline allies: in conventional warfare; in low-intensity warfare. 0aDiplomatic and consular service. 0aDiplomatic and consular service, British. 0aDiplomatic and consular service, American. a7bcbccorignewd1eecipf20gy-gencatlg 2ddccBK c13990d13990 001040708NFICaCIPSbCIPScGENd2013-08-02l0o327.2 BER 2012pCIPS0000244r2013-08-05w2013-08-05yBK